| 000 | 00347nam a2200145 i 4500 | ||
|---|---|---|---|
| 001 | bg | ||
| 100 | 1 | _aSZCZĘSNY, Tadeusz | |
| 245 | 0 |
_aOchrona przyrody i krajobrazu / _cTadeusz Szczęsny. |
|
| 250 | _aWyd.3 zmian. | ||
| 260 |
_aWarszawa, _c1977. |
||
| 040 | _cBPK | ||
| 041 | _apol | ||
| 942 | _cKS | ||
| 008 | s pl f |000 0 pol | ||
| 999 |
_c17488 _d17488 |
||
| 856 |
_uhttp://koha.tu.koszalin.pl/cgi-bin/koha/opac-detail.pl?biblionumber=17488 _yKatalog online BPK |
||